000 00420nam a2200157Ia 4500
003 GCL
008 140319s9999 xx 000 0 eng d
040 _aGCL /
_cGCL
082 0 4 _a330
_bM E
100 1 _aMCNALLY, RAND
245 1 0 _aECONOMICS ACONLEMPORARY INTRODUCTION 3rd ed /
_cMCNALLY, RAND
260 _a[S.N] :
_bSOUTH-WEATERN PUBISHING CO ،
_c1994
300 _a940 P
650 0 4 _aECONOMICS
942 _2ddc
_cBK
999 _c21548
_d21548